Classic Rock Musicians - Songs - Statistics

General Stats
  • This quiz has been taken 146 times
    135 since last reset
  • The average score is 55 of 361
Answer Stats
Hints Answers % Correct
Van Halen Jump
54%
Jimi Hendrix (Experience) Purple Haze
54%
Queen Bohemian Rhapsody
50%
Led Zeppelin Stairway to Heaven
50%
Eagles Hotel California
49%
Jimi Hendrix (Experience) All Along the Watchtower
48%
Pearl Jam Black
48%
Black Sabbath Paranoid
48%
Billy Joel Piano Man
48%
Fleetwood Mac Don't Stop
47%
Aerosmith Dream On
47%
John Lennon Imagine
47%
The Beatles Hey Jude
46%
The Beatles Let it Be
46%
Pink Floyd Money
46%
AC/DC Highway to Hell
44%
Deep Purple Smoke on the Water
44%
The Rolling Stones Paint it, Black
43%
TOTO Africa
41%
ABBA Dancing Queen
41%
Lynyrd Skynyrd Sweet Home Alabama
41%
Nirvana Smells Like Teen Spirit
40%
The Mamas and Papas California Dreamin'
39%
Creedence Clearwater Revival Fortunate Son
39%
AC/DC Back In Black
38%
Bon Jovi Livin' on a Prayer
38%
Bee Gees Stayin' Alive
38%
Micheal Jackson Thriller
38%
Creedence Clearwater Revival Have You Ever Seen the Rain
36%
Dire Straits Sultans of Swing
36%
Steppenwolf Born to Be Wild
34%
The Animals House of the Rising Sun
34%
Black Sabbath Iron Man
34%
The Doors Light My Fire
34%
Derek & The Dominos Layla
33%
Guns N' Roses Sweet Child O' Mine
33%
Micheal Jackson Billie Jean
32%
Fleetwood Mac | The Cranberries Dreams
32%
Lynyrd Skynyrd Free Bird
32%
Elvis Presley Jailhouse Rock
32%
AC/DC Thunderstruck
32%
Oasis Wonderwall
32%
Radiohead Creep
31%
Guns N' Roses November Rain
31%
Cream Sunshine of Your Love
31%
Guns N' Roses Welcome to the Jungle
31%
Pink Floyd Another Brick in the Wall
30%
The Beatles Here Comes the Sun
30%
Guns N' Roses Paradise City
30%
The Cranberries Zombie
30%
Journey Don't Stop Believin'
29%
The Who Baba O'Riley
28%
Santana Smooth
28%
Fleetwood Mac The Chain
28%
The Beatles Yesterday
28%
Green Day American Idiot
27%
Creedence Clearwater Revival Bad Moon Rising
27%
Micheal Jackson Beat It
27%
Tears for Fears Everybody Wants to Rule the World
27%
The Rolling Stones (I Can't Get No) Satisfaction
27%
KISS I Was Made For Lovin' You
27%
Bob Dylan Like a Rolling Stone
27%
The Police Roxanne
27%
The Clash Should I Stay or Should I Go
27%
Nirvana Come As you Are
26%
The Beatles Come Together
26%
Blue Oyster Cult (Don't Fear) The Reaper
26%
The Beach Boys Good Vibrations
26%
David Bowie Heroes
26%
Jimi Hendrix (Experience) Hey Joe
26%
Led Zeppelin Immigrant Song
26%
Chuck Berry Johnny B. Goode
26%
Def Leppard Pour Some Sugar on Me
26%
The Beach Boys Surfin' U.S.A
26%
The Rolling Stones Sympathy For The Devil
26%
Aerosmith Walk This Way
26%
Queen We Will Rock You
26%
Led Zeppelin Whole Lotta Love
26%
Bon Jovi You Give Love a Bad Name
26%
Queen Another One Bites the Dust
24%
The Police Every Breath You Take
24%
Bob Dylan Knockin' On Heaven's Door
24%
Guns N' Roses Knockin' on Heavens Door
24%
ZZ Top La Grange
24%
The Doors Riders on the Storm
24%
Black Sabbath War Pigs
24%
ABBA Waterloo
24%
The Kinks You Really Got Me
24%
Green Day Basket Case
23%
Nirvana Heart-Shaped Box
23%
Nirvana Lithium
23%
Creedence Clearwater Revival | Tina Turner Proud Mary
23%
David Bowie Starman
23%
Simon & Garfunkel The Sound of Silence
23%
Billy Joel Uptown Girl
23%
Billy Idol White Wedding
23%
Don McLean American Pie
22%
The Rolling Stones Gimme Shelter
22%
Fleetwood Mac Go Your Own Way
22%
The Monkees I'm a Believer
22%
Van Halen Panama
22%
The Who Pinball Wizard
22%
David Bowie Space Oddity
22%
Bruce Springsteen Born in the U.S.A
21%
Metallica Enter Sandman
21%
R.E.M Losing My Religion
21%
ABBA Mamma Mia
21%
The Doors People Are Strange
21%
ZZ Top Sharp Dressed Man
21%
Rush Tom Sawyer
21%
Red Hot Chili Peppers Under the Bridge
21%
Pink Floyd Wish You Were Here
21%
The Smashing Pumpkins 1979
20%
The Who Behind Blue Eyes
20%
Foo Fighters Everlong
20%
Boston More Than a Feeling
20%
George Harrison My Sweet Lord
20%
Talking Heads Psycho Killer
20%
Billy Idol Rebel Yell
20%
The Beatles Something
20%
The Rolling Stones Start Me Up
20%
Queen Under Pressure
20%
Jefferson Airplane White Rabbit
20%
America A Horse With No Name
19%
Soundgarden Black Hole Sun
19%
Pink Floyd Comfortably Numb
19%
Blondie Heart of Glass
19%
Jefferson Airplane Somebody to Love
19%
The Beatles Twist and Shout
19%
Billy Joel Vienna
19%
Cream White Room
19%
Queen Killer Queen
18%
Micheal Jackson Smooth Criminal
18%
Bryan Adams Summer of '69
18%
AC/DC T.N.T
18%
The Rolling Stones Brown Sugar
17%
Queen Don't Stop Me Now
17%
Pearl Jam Even Flow
17%
Tom Petty Free Fallin'
17%
Simon & Garfunkel Mrs. Robinson
17%
The Doors Roadhouse Blues
17%
KISS Rock and Roll All Nite
17%
Scorpions Rock You Like a Hurricane
17%
TOTO Rosanna
17%
Billy Joel We Didn't Start the Fire
17%
AC/DC You Shook Me All Night Long
17%
Kansas Carry on Wayward Son
16%
Janis Joplin Me and Bobby McGee
16%
Metallica Nothing Else Matters
16%
Steve Miller Band The Joker
16%
Heart Barracuda
14%
KISS Detroit Rock City
14%
The Turtles Happy Together
14%
TOTO Hold the Line
14%
Madonna Like a Virgin
14%
The Cranberries Linger
14%
Alice Cooper School's Out
14%
Tears for Fears Shout
14%
Stevie Wonder Superstition
14%
Cheap Trick Surrender
14%
The Bangles Walk Like an Egyptian
14%
Oasis Don't Look Back in Anger
13%
Kansas Dust in the Wind
13%
Billy Idol Eyes Without a Face
13%
The Beach Boys God Only Knows
13%
Bryan Adams Heaven
13%
The Clash Rock the Casbah
13%
The Beatles Strawberry Fields Forever
13%
Dire Straits Walk of Life
13%
U2 With or Without You
13%
Green Day Boulevard of Broken Dreams
12%
Creedence Clearwater Revival Down on the Corner
12%
Deep Purple Highway Star
12%
Madonna Like a Prayer
12%
Jimi Hendrix (Experience) Little Wing
12%
Metallica Master of Puppets
12%
David Bowie Rebel Rebel
12%
Johnny Cash Ring of Fire
12%
Red Hot Chili Peppers Scar Tissue
12%
The Velvet Undergroung Sunday Morning
12%
Elvis Presley Suspicious Minds
12%
Aerosmith Sweet Emotion
12%
Eagles Take It Easy
12%
The Guess Who American Woman
11%
Bob Dylan Blowin' in the Wind
11%
The Doors Break on Through (To the Other Side)
11%
Van Morrison Brown Eyed Girl
11%
Aerosmith Dude (Looks Like a Lady)
11%
Fleetwood Mac Everywhere
11%
Fleetwood Mac Landslide
11%
Rod Stewart Maggie May
11%
Roy Orbison Oh, Pretty Woman
11%
Madonna Material Girl
10%
Blondie One Way or Another
10%
Janis Joplin (BB&HC) Piece of My Heart
10%
Simon & Garfunkel The Boxer
10%
The Box Tops The Letter
10%
The Beach Boys Wouldn't It Be Nice
10%
Heart Alone
9%
Oasis Champagne Supernova
9%
The Monkees Daydream Believer
9%
Yusuf/Cat Stevens Father and Son
9%
Buffalo Springfeild For What It's Worth
9%
10cc I'm Not In Love
9%
John Mellencamp Jack and Diane
9%
Def Leppard Photograph
9%
The Zombies Shes Not There
9%
Nirvana Something In the Way
9%
Supertramp The Logical Song
9%
The Band The Weight
9%
Green Day Wake me Up When September Ends
9%
Yusuf/Cat Stevens Wild World
9%
Free All Right Now
8%
Journey Any Way you Want It
8%
The Smashing Pumpkins Bullet with Butterfly Wings
8%
Elvis Presley Burning Love
8%
R.E.M Everybody Hurts
8%
Queen Fat Bottomed Girls
8%
Green Day Good Riddance
8%
The Beach Boys Kokomo
8%
The Doobie Brothers Listen to the Music
8%
The Bangles Manic Monday
8%
Styx Renegade
8%
The Zombies Time of the Season
8%
Tina Turner What's Love Got to do With It?
8%
Elton John Bennie and the Jets
7%
Red Hot Chili Peppers Californiacation
7%
The Runaways Cherry Bomb
7%
Pat Benatar Heartbreaker
7%
Bob Dylan Hurricane
7%
Def Leppard Hysteria
7%
Ramones I Wanna Be Sedated
7%
Foo Fighters Learn to Fly
7%
Fleetwood Mac Little Lies
7%
Steppenwolf Magic Carpet Ride
7%
Bee Gees More Than a Woman
7%
Crosby, Stills & Nash (Young) Our House
7%
Fleetwood Mac Rhiannon
7%
Van Halen Runnin' With the Devil
7%
Sublime Santeria
7%
Norman Greenbaum Spirit In the Sky
7%
Stealers Wheel Stuck in the Middle With You
7%
The Smashing Pumpkins Tonight, Tonight
7%
Carpenters Top of the World
7%
The Troggs Wild Thing
7%
Styx Babe
6%
U2 Beautiful Day
6%
Steve Miller Band Fly Like an Eagle
6%
Grateful Dead Friend of the Devil
6%
Supertramp Give a Little Bit
6%
The Doors Hello, I Love You
6%
U2 I Still Haven't Found What I'm Looking for
6%
Cheap Trick I Want You to Want Me
6%
The Byrds Mr. Tambourine Man
6%
Eagles One of These Nights
6%
Yes Owner of a Lonely Heart
6%
Billy Joel She's Always a Woman
6%
The Doors Soul Kitchen
6%
The Beach Boys Surfin' Safari
6%
America Ventura Highway
6%
Bon Jovi Wanted Dead or Alive
6%
Loverboy Working For the Weekend
6%
Steve Miller Band Abracadabra
4%
Wings Band on the Run
4%
The Beach Boys Barbara Ann
4%
Supertramp Breakfast in America
4%
Simon & Garfunkel Cecilia
4%
The Doobie Brothers China Grove
4%
The Mamas and Papas Dedicated to the One I Love
4%
The Bangles Eternal Flame
4%
Radiohead Fake Plastic Trees
4%
Asia Heat of the Moment
4%
Pat Benatar Hit Me With Your Best Shot
4%
Blue Swede Hooked on a Feeling
4%
No Doubt I'm Just a Girl
4%
Bryan Adams (ft. Tina Turner) Its Only Love
4%
Three Dog Night Joy to the World
4%
The Cars Just What I Needed
4%
The Doobie Brothers Long Train Runnin'
4%
Radiohead Paranoid Android
4%
Micheal Jackson Rock With You
4%
Third Eye Blind Semi-Charmed Life
4%
Fleetwood Mac Tusk
4%
Jimi Hendrix (Experience) Voodoo Child (Slight Return)
4%
King Crimson 21st Century Schizoid Man
3%
Tommy James and the Shondells Crimson and Clover
3%
The Animals Don't Let Me Be Misunderstood
3%
Sly and the Family Stone Everyday People
3%
Bruce Springsteen Glory Days
3%
KISS Heaven's On Fire
3%
Allman Brothers Band Midnight Rider
3%
Bob Seger Old Time Rock & Roll
3%
The Velvet Undergroung Pale Blue Eyes
3%
Madonna Papa Don't Preach
3%
Boston Peace of Mind
3%
The Beach Boys Sloop John B
3%
George Harrison What is Life
3%
U2 Where the Streets Have No Name
3%
Scorpions Winds of Change
3%
Tom Petty Won't Back Down
3%
Chicago 25 to 6 or 4
2%
Frank Zappa Bobby Brown Goes Down
2%
Raspberries Go All the Way
2%
John Mellencamp Hurts So Good
2%
Chicago If You Leave Me Now
2%
Donovan Mellow Yellow
2%
The Cars My Best Friends Girl
2%
Canned Heat On the Road Again
2%
Journey Open Arms
2%
R.E.M Orange Crush
2%
John Mellencamp Pink Houses
2%
America Sister Golden Hair
2%
John Mellencamp Small Town
2%
Cream Strange Brew
2%
The Band The Night They Drove Old Dixie Down
2%
Carpenters They Long to Be (Close to You)
2%
Tina Turner We Don't Need Another Hero
2%
Carpenters We've Only Just Begun
2%
The Cars You Might Think
2%
Chicago You're the Inspiration
2%
Red Hot Chili Peppers Breaking the Girl
1%
No Doubt Can't Speak
1%
Grateful Dead Casey Jones
1%
Soundgarden Fell on Black Days
1%
Bob Dylan Girl from the North Country
1%
The Yardbirds Heart Full of Soul
1%
John Lennon Hold On
1%
Donovan Hurdy Gurdy Man
1%
Pearl Jam Jermey
1%
Rush Limelight
1%
Pat Benatar Love Is a Battlefeild
1%
Bread Make it With You
1%
Crash Test Dummies Mmm Mmm Mmm Mmm
1%
U2 Mysterious Ways
1%
Butthole Surfers Pepper
1%
Steve Miller Band Rock'n Me
1%
Faces Stay With Me
1%
Crosby, Stills & Nash (Young) Suite: Judy Blue Eyes
1%
Rush The Spirit of Radio
1%
Frank Zappa Uncle Remus
1%
Pat Benatar We Belong
1%
Carpenters Yesterday Once More
1%
Heart All I Wanna Do Is Make Love To You
0%
Grateful Dead Althea
0%
Bread Everything I Own
0%
Canned Heat Going Up the Country
0%
Bread Guitar Man
0%
Rod Stewart Hot Legs
0%
Bruce Springsteen Hungry Heart
0%
Bee Gees I Can't See Nobody
0%
King Crimson I Talk to the Wind
0%
Tommy James and the Shondells I Think Were Alone Now
0%
Bee Gees I've Gotta Get a Message to You
0%
Chuck Berry No Particular Place To Go
0%
Elton John Rocket Man (I Think It's Going to Be a Long, Long Time)
0%
The Byrds Turn! Turn! Turn! (To Everything There is a Season)
0%
John Lennon Working Class Hero
0%
No matching quizzes found
Score Distribution
Percent of People with Each Score
Percentile by Number Answered
Your Score History
You have not taken this quiz since the last reset